[Event "Mittelfranken-chTB2b 1819"]
[Site "Mittelfranken"]
[Date "2019.03.31"]
[Round "8.4"]
[White "Hetterich, Norbert"]
[Black "Schmiedgen, Tobias"]
[Result "1-0"]
[WhiteElo "1812"]
[BlackElo "1663"]
[PlyCount "37"]
[EventDate "2018.10.14"]
[EventType "team-tourn"]
[EventRounds "9"]
[EventCountry "GER"]
[SourceTitle "EXT 2022"]
[Source "ChessBase"]
[SourceDate "2021.10.06"]
[SourceVersion "1"]
[SourceVersionDate "2021.10.06"]
[SourceQuality "1"]
[WhiteTeam "Nuernberg Anderssen"]
[BlackTeam "Muehlhof/Schwabach II"]
[WhiteTeamCountry "GER"]
[BlackTeamCountry "GER"]

1. d4 d5 2. c4 e6 3. Nc3 Nf6 4. Nf3 c6 5. Bf4 Bd6 6. Bxd6 Qxd6 7. e3 Nbd7 8. Qc2 0-0 9. Bd3 h6 10. 0-0-0 b6 11. g4 Nxg4 12. Rhg1 f5 13. cxd5 cxd5 14. h3 Ngf6 15. Nb5 Qe7 16. Nh4 Ne8 17. Ng6 Qd8 18. Qc6 Ba6 19. Qxe6+ 1-0

[Event "Mittelfranken-chTB2b 1819"]
[Site "Mittelfranken"]
[Date "2018.11.04"]
[Round "2.4"]
[White "Schmiedgen, Tobias"]
[Black "Abmayr, Bernhard"]
[Result "1/2-1/2"]
[WhiteElo "1663"]
[BlackElo "1751"]
[PlyCount "74"]
[EventDate "2018.10.14"]
[EventType "team-tourn"]
[EventRounds "9"]
[EventCountry "GER"]
[SourceTitle "EXT 2022"]
[Source "ChessBase"]
[SourceDate "2021.10.06"]
[SourceVersion "1"]
[SourceVersionDate "2021.10.06"]
[SourceQuality "1"]
[WhiteTeam "Muehlhof/Schwabach II"]
[BlackTeam "Uttenreuth"]
[WhiteTeamCountry "GER"]
[BlackTeamCountry "GER"]

1. e4 e5 2. Nf3 Nc6 3. Bc4 Nf6 4. d4 Nxd4 5. Nxe5 Ne6 6. Nc3 Bb4 7. Qd3 0-0 8. Bxe6 dxe6 9. f3 Nd7 10. Ng4 Nb6 11. Bd2 Qxd3 12. cxd3 Rd8 13. Ke2 c6 14. a3 Bc5 15. Rac1 Bd4 16. Be3 f6 17. Nf2 e5 18. Rhd1 Be6 19. Bxd4 Rxd4 20. b4 a6 21. Ke3 Rad8 22. Nb1 Bb3 23. Rd2 Kf7 24. Ke2 g6 25. g3 Be6 26. h4 Na4 27. Nc3 Nb6 28. Nb1 R4d7 29. Rh1 h5 30. Rg1 Rh8 31. Nc3 Rhd8 32. Nb1 Ra8 33. Rc1 Na4 34. Nc3 Nb6 35. Nb1 Na4 36. Nc3 Nxc3+ 37. Rxc3 Rad8 1/2-1/2